header

Migrating applications from microsoft DNA to IBM WebSphere (Record no. 107003)

MARC details
000 -LEADER
fixed length control field 01554nam a2200397Ia 4500
100 1# - MAIN ENTRY--AUTHOR NAME
Personal name Oguejiofor, Edward.
245 10 - TITLE STATEMENT
Title Migrating applications from microsoft DNA to IBM WebSphere
260 ## - PUBLICATION, DISTRIBUTION, ETC. (IMPRINT)
Place of publication Research Triangle Park, N.C. :
Name of publisher IBM, International Technical Support Organization,
Year of publication 2005.
300 ## - PHYSICAL DESCRIPTION
Number of Pages xvi, 320 p. :
Other physical details ill.
490 1# - SERIES STATEMENT
Series statement Redbooks
500 ## - GENERAL NOTE
General note "August 2005."
650 #0 - SUBJECT ADDED ENTRY--TOPICAL TERM
Topical Term Web portals
700 1# - ADDED ENTRY--PERSONAL NAME
Personal name Kovari, Peter.
Personal name Mavri, Robert.
Personal name Nagarajan, Shyam.
Personal name Rehman, Ashar.
Personal name Sommerhauser, Gerd.
Personal name Steckner, Thomas.
856 40 - ELECTRONIC LOCATION AND ACCESS
Uniform Resource Identifier http://site.ebrary.com/lib/rucke/Doc?id=10112541

No items available.

© 2026 Rongo University
Contact us: librarian | system librarian | Rongo university